00992nam a22002537a 4500999001500000001000600015003000900021005001700030008004100047020001500088040003800103082001900141100002200160245013800182250001200320260005600332300002200388505003300410650002100443700002000464942001200484952012100496952012100617 c1687d168720046BD-DhUAP20210124100327.0200212r20172006bg ||||| |||| 00| 0 eng d a9848272224 aBD-DhUAPbEngcBD-DhUAPdBD-DhUAP 223a347.05 ISL aIslam, Mahmudul.  aThe law of civil procedure : bcommentary on the code of civil procedure and the civil courts act /cMahmudul Islam and Probir Neogi. a2nd ed. aDhaka :bMullick brothers,cc2006 [Reprinted 2017]. avolumes ;c23 cm. aV. 2- (Or.21 r. 60 to end).  aCivil procedure. aNeogi, Probir.  2ddccBK 00102ddc4070aUAPCLbUAPCLcGeneral Stacksd2020-02-12o347.05 ISL V-2p3010020046r2020-02-12t1w2020-02-12yBK 00102ddc4070aUAPCLbUAPCLcGeneral Stacksd2020-02-12o347.05 ISL V-2p3010020047r2020-02-12t2w2020-02-12yBK